Culture Générale #2 - Statistiques

Statistiques générales
  • Ce quiz a été pris 104 fois
  • Le résultat moyen est 11 sur 15
Statistiques - réponses
Question Réponse % Correct
Atatürk était un homme d'État : De Turquie
100%
Quelle est l'unité de longueur ? Mètre
100%
Quel sport utilise un livre de route ? Rallye
100%
De quel pays l'emmental est-il originaire ? Suisse
100%
La zone abyssale est : totalement obscure
100%
Qui a découvert les effets antibiotiques de la pénicilline ? Alexander Fleming
75%
Geoffrey Chaucer a écrit Les Contes de : Canterbury
75%
De quel pays proviennent la plupart des lauréats du prix Nobel de littérature ? France
75%
La toile d'araignée est constituée de : Soie
75%
Laquelle de ces structures n'a pas été créée par l'homme ? Uluru (Australie)
75%
"SIDA" Signifie Syndrome d'immunodéficience : acquise
50%
Où se trouve le canal inguinal ? Paroi abdominale
50%
La glossite est une inflammation : de la langue
25%
Quelle langue est écrite de droite à gauche ? Hébreu
25%
Quelle découverte a été faite avant la Première Guerre Mondiale ? Radioactivité
25%
Aucun quiz correspondant
Distribution des résultats
% des personnes avec chaque résultat
Percentile par nombre de réponses
Votre historique - résultats
Vous n’avez pas pris ce quiz